Audit ako jeden z nástrojov zvyšovania konkurencieschopnosti podniku

Význam auditu - pre samotný manažment a vlastníkov podniku, pre externých užívateľov - verejnosť, pre externých užívateľov - štát, štátne inštitúcie.

Gespeichert in:
Bibliographische Detailangaben
1. Verfasser: Melicherová, Ingrid, 1971-
Format: Buchkapitel
Sprache:Slowakisch
Schlagworte:
Tags: Tag hinzufügen
Keine Tags, Fügen Sie das erste Tag hinzu!

MARC

LEADER 00000nla a2200000 4500
001 0183094
005 20240502073130.2
041 0 |a slo 
044 |a SK 
245 1 0 |a Audit ako jeden z nástrojov zvyšovania konkurencieschopnosti podniku  |c Ingrid Melicherová 
520 |a Význam auditu - pre samotný manažment a vlastníkov podniku, pre externých užívateľov - verejnosť, pre externých užívateľov - štát, štátne inštitúcie. 
610 2 0 |a audit 
610 2 0 |a audítori 
610 2 0 |a podnik 
610 2 0 |a konkurencieschopnosť 
100 1 |a Melicherová, Ingrid, 1971-